| 000 | 004980000a22001690004500 | ||
|---|---|---|---|
| 041 | 0 | _aSPA | |
| 082 | 0 | 4 | _aG 270.1 S3267o |
| 100 | 1 | _aSchermerhorn, Guillermo David | |
| 245 | 1 | 0 | _aOrigen y desarrollo de la iglesia cristiana / Guillermo David Schermerhorn ; Laura Jorquera, Traductor |
| 260 | _aEd. Puerto Rico Evangélico | ||
| 300 | _a178 Pag | ||
| 001 | 8325 | ||
| 942 | _cBK | ||
| 999 |
_c38498 _d38498 |
||
| 336 |
_atexto _btxt _2rdacontent |
||
| 337 |
_2rdamedia _asin mediación _bn |
||
| 338 |
_2rdacarrier _avolumen _bnc |
||